000 00428nam a2200181Ia 4500
001 13231
005 20260306163038.0
008 260306t2002||||xx |||||||||||||| ||spa||
041 _aESP
082 _a001.42
_bC264
100 _aCohen, Louis
_eAUT
245 0 _aMétodos de investigación educativa
260 _c2002
300 _a502 páginas :
_c22 cm.
650 _aGEN
654 _aCHU
942 _cLIB
_dJUS
_fJUS
_2ddc
_n
999 _c13231
_d13231